| 000 | 00483 a2200145 4500 | ||
|---|---|---|---|
| 005 | 20250611061206.0 | ||
| 020 | _a978-1-119-72173-4 | ||
| 082 | _a389.1 MEK | ||
| 100 | _aMEKID,S. | ||
| 245 | _aMetrology and Instrumentation : Practical Application for Engineering and Manufacturing | ||
| 260 |
_aHoboken, _bWiley, _c2021. |
||
| 300 |
_axvii, 376p.: Ill.; figures. _bIndex _c26cm. |
||
| 856 |
_yAccess Online Book _fMetrology and Instrumentation _dwww.wiley.com |
||
| 942 |
_2ddc _cBKS |
||
| 999 |
_c3696 _d3696 |
||